zpět

Detail výsledku týmu

Kentaur PO, Brno

Datum a čas kvízu

30.5 Celkem bodů Celkový počet nahraných bodů na tomto kvízu bez doplňovacích otázek.
5. Pořadí na kvízu Konečné umístění týmu na tomto kvízu.

Zaznamenané odpovědi

# Otázka Odpověď Body Výsledky
1. Město Praha minulý týden oznám... o jednorázové plastové nádobí 1
2. Do boje o Bílý dům se minulý t... Joe Biden 1
3. Hlavní roli v pětadvacátém fil... Rami Malek 1
4. Osm sdílených elektrických kol... Do systému se nabourala skupina hackerů. 1
5. Jak se jmenují dva finalisté f... Slavia Praha, Baník Ostrava 0
6. Na obrázku vidíme jedno z nejs... Frísko 1
7. Jak se jmenuje bývalá nizozems... Beatrix 1
8. Nizozemsko se může pyšnit slav... Hieronymus Bosch 1
9. V nizozemském Haagu sídlí jist... Shell 1
10. Mezi nejoblíbenější sporty v N... Hendrik Johannes Cruijff (Johan Cruyff) 1